000 00412nam a2200181 i 4500
001 bg
245 0 _aFunkcional'nyj analiz i teorija funkcij.
250 _aVyp. 8.
260 _c1971.
300 _as. 178, nlb. 2.
500 _a[Alf. ros.].
504 _a[Zawiera bibliogr.].
040 _cBPK
041 _apol
080 _a517.98+517.5
942 _cKS
008 s pl f |000 0 pol
999 _c14486
_d14486